ভারত উপমহাদেশের ইতিহাস মধ্যযুগ : মোগল পর্ব / (Record no. 7170)
[ view plain ]
| 000 -LEADER | |
|---|---|
| fixed length control field | 00860nam a2200241 a 4500 |
| 001 - CONTROL NUMBER | |
| JCCL Control Number | 7170 |
| 003 - CONTROL NUMBER IDENTIFIER | |
| JCCL marc code | BD-JhCC |
| 005 - DATE AND TIME OF LATEST TRANSACTION | |
| control field | 20180210103952.0 |
| 008 - FIXED-LENGTH DATA ELEMENTS--GENERAL INFORMATION | |
| fixed length control field | 180205s2007 bg a|||| b||| 001 0 ben d |
| 020 ## - INTERNATIONAL STANDARD BOOK NUMBER | |
| International Standard Book Number | 9844460638 |
| 035 ## - SYSTEM CONTROL NUMBER | |
| system control number | (BD-JhCC)7170 |
| 040 ## - CATALOGING SOURCE | |
| Original cataloging agency | BD-JhCC |
| Modifying agency | BD-JhCC |
| 041 ## - LANGUAGE CODE | |
| Language code of Book | ben |
| 082 ## - DEWEY DECIMAL CLASSIFICATION NUMBER | |
| Classification number | 954.025 |
| Author mark and Year | SHA 2007 |
| 100 ## - MAIN ENTRY--PERSONAL NAME | |
| Personal name | শাহনাওয়াজ, এ কে এম |
| 245 ## - TITLE STATEMENT | |
| Title | ভারত উপমহাদেশের ইতিহাস মধ্যযুগ : মোগল পর্ব / |
| Statement of responsibility, etc | এ কে এম শাহনাওয়াজ, |
| 260 ## - PUBLICATION, DISTRIBUTION, ETC. (IMPRINT) | |
| Place of publication, distribution, etc | ঢাকা : |
| Name of publisher, distributor, etc | প্রতীক প্রকাশনী, |
| Date of publication, distribution, etc | 2007. |
| 300 ## - PHYSICAL DESCRIPTION | |
| Pagination | 261 p. : |
| Other physical details | ill. , |
| Dimensions | 22 cm. |
| 504 ## - BIBLIOGRAPHY, ETC. NOTE | |
| Bibliography, etc | Including Bibliographical Reference and Index |
| 651 ## - SUBJECT ADDED ENTRY--GEOGRAPHIC NAME | |
| Geographic name | India |
| General subdivision | History of Subcontinent |
| Chronological subdivision | Mughal Period |
| 942 ## - ADDED ENTRY ELEMENTS (KOHA) | |
| Source of classification or shelving scheme | Dewey Decimal Classification |
| Koha item type | Books |
| Source of classification or shelving scheme | Damaged status | Not for loan | Home library | Current library | Shelving location | Date of accession | Cost, normal purchase price | Total Checkouts | Full call number | Barcode | Date last seen | Date checked out | Copy number | Koha item type |
|---|---|---|---|---|---|---|---|---|---|---|---|---|---|---|
| Dewey Decimal Classification | JCC Rouf Library | JCC Rouf Library | General Stacks | 02/05/2018 | 250.00 | 1 | 954.025 SHA 2007 | 9715 | 09/10/2023 | 09/06/2023 | C-1 | Books |